00304pam a2200121 a 4500020000500000041000500005082001300010100002400023245007200047250001000119260003800129300001500167 c h a750bGID aBhogwan s Gidwani . aOmkar and I PhotographybOmkar and I PhotographyhTextual Documents a1991. a[s.l]:bTransmission House Bombay a75:bHard.